000 nam a22 7a 4500
999 _c27143
_d27142
003 OSt
005 20170518104438.0
008 170425b xxu||||| |||| 00| 0 eng d
020 _a0935989943
040 _aMMU
_beng
_cMMU
_dMMU
050 _aLB1139.23 .R38 2000
100 _aRand, Muriel K.
245 _aGiving it siome thought
_bcases for early childhood practice
_cMuriel K. Rand
260 _aWashington D.C. :
_bNAEYC,
_c2000
300 _a181 p.
500 _aIncludes index
650 _aEarly childhood education
942 _2lcc
_cLOAN LOAN